Представление документа в формате RUSMARC

ПолеНазваниеЗначение
  Тип записи a
  Библиографический уровень m
001 Контрольный номер RU/SLIB/B/208733189
005 Дата корректировки 20201206204029.6
010 Индекс ISBN __
d Цена 127-00
101 Язык документа 0_
a Язык текста rus
200 Заглавие и сведения об ответственности 1_
a Заглавие Русская рукописная книга: Этюды и характеристики
f Первые сведения об ответственности Н. Н. Розов ; отв. ред. Д. С. Лихачев
b Общее обозначение материала Текст
210 Выходные данные __
a Место издания Л.
c Издательство Наука, Ленингр. отд-ние
d Дата издания 1971
215 Физическое описание __
a Объем 124 с.
300 Общие примечания __
a Общие примечания Кн. с автогр. О. Г. Ласунского из лич. б-ки
330 Аннотация __
a Аннотация В книге освещается опыт работы изучения старинной русской рукописной книги. Для всех, кто интересуется подобными вопросами.
606 Тематические рубрики __
a Основная рубрика Книжное дело
y Географическая подрубрика Россия
606 Тематические рубрики __
a Основная рубрика Рукописная книга
610 Ключевые слова __
a Ключевые слова рукописные книги; книги; библиотеки; книгопечатание; книгописцы; книгописание; история
686 Индексы других классификаций __
a Классификационный индекс 76.103(2)4
700 Автор _1
a Фамилия Розов
b Имя Н. Н.
4 Код отношения 070
702 Вторичная интеллектуальная ответственность _1
a Фамилия Ласунский
b Имя О. Г.
4 Код отношения Автор дарственной надписи
4 Код отношения 450
702 Вторичная интеллектуальная ответственность _1
a Фамилия Лихачев
b Имя Д. С.
4 Код отношения Редактор
4 Код отношения 340
801 Источник записи _0
a Страна RU
b Организация Муниципальное бюджетное учреждение культуры "Централизованная библиотечная система" г. Сургут (Центральная городская библиотека им. А. С. Пушкина)
g Правила каталогизации КиК/Поспелова
801 Источник записи _1
a Страна RU
b Организация Муниципальное бюджетное учреждение культуры "Централизованная библиотечная система" г. Сургут (Центральная городская библиотека им. А. С. Пушкина)
g Правила каталогизации КиК/Поспелова
852 Данные о местонахождении __
j Шифр хранения 76.103(2)4
c Каталожный индекс 76.10
i Авторский знак Р 65
p Инвентарный номер 03012031
901 Тип документа __
t Тип документа m
903 Характеристики (МАРС) __
a Дата передачи 20030116
990 Данные о заказе (DOS) __
j Количество экземпляров (DOS) 1
t N записи в КСУ для И/У (DOS) 200301